00821nam a2200193 i 4500001000700000003000900007005001700016008004100033040002700074100003000101245010800131250002200239260003800261300003400299490007100333600002600404830007100430852012600501163209ES-MaACL20230906212708.0990701s1869 sp a |||| |dspa d aCARM bspa cCCPB | 3D1 aReid, Mayne (d1818-1883)10aEn el mar! b: primera parte de William El Grumete / cescrito en inglés por el capitán Mayne-Reid. aEd. il. con grab. aMadrid : bGaspar y Roig, c1869. a73, [3] p. : bil. ; c27 cm.1 aBiblioteca ilustrada de Gaspar y Roig. aAventuras de mar y tierra14aWheelwright, William.0 aBiblioteca ilustrada de Gaspar y Roig. aAventuras de mar y tierra aES-MaACLjC-1198(2) z- Enc. hol. z. - Legado de M. de la Fuente q- Falto de cub. original z- Enc. en un vol. facticio